| 000 | 00667nam a22002052 4500 | ||
|---|---|---|---|
| 001 | 0000004733 | ||
| 005 | 20151217155825.0 | ||
| 008 | 070528s xx 000 0 eng d | ||
| 020 | _a9290591978 : | ||
| 040 |
_aKABU _cKABU |
||
| 050 | 0 |
_aS619 _b.W38R35 |
|
| 245 | 1 | 0 |
_aRainwater harvesting innovations in response to water scarcity : _bthe Lari experience / _cMaimbo M. Malesu ... [et al.] |
| 260 |
_aNairobi : _bRELMA-in-ICRAF, _c2006. |
||
| 300 | _axi, 41 p. | ||
| 650 | 0 |
_aWater harvesting _zLari, Kenya. _@0000155480 |
|
| 700 | 1 |
_aMalesu, Maimbo M. _@0000155475 |
|
| 908 | _a070528 | ||
| 950 | _@1 | ||
| 999 |
_c12916 _d12916 |
||